Statistics for English Football Threepeaters

Click here to take the quiz!

General Stats

  • This quiz has been taken 639 times
  • The average score is 5 of 6

Answer Stats

SeasonsTeam% Correct
2020-21
2021-22
2022-23
2023-24*
Manchester City
97%
2006-07
2007-08
2008-09
Manchester United
95%
1998-99
1999-00
2000-01
Manchester United
93%
1981-82
1982-83
1983-84
Liverpool
86%
1932-33
1933-34
1934-35
Arsenal
53%
1923-24
1924-25
1925-26
Huddersfield Town
27%

Score Distribution

Percentile by Number Answered

Percent of People with Each Score

Your Score History

You have not taken this quiz